World politics : (Record no. 2585)
[ view plain ]
| 000 -LEADER | |
|---|---|
| fixed length control field | 01421nac a22002531u 4500 |
| 090 ## - LOCALLY ASSIGNED LC-TYPE CALL NUMBER (OCLC); LOCAL CALL NUMBER (OCLC) | |
| -- | 2585 |
| 008 - FIXED-LENGTH DATA ELEMENTS--GENERAL INFORMATION | |
| fixed length control field | 090203t xxu||||| |||| 00| 0 eng d |
| 010 ## - LIBRARY OF CONGRESS CONTROL NUMBER | |
| LC control number | 2005937707 |
| 020 ## - INTERNATIONAL STANDARD BOOK NUMBER | |
| International Standard Book Number | 0495187062 (alk. paper) |
| 082 ## - DEWEY DECIMAL CLASSIFICATION NUMBER | |
| Classification number | 327.1 |
| Item number | KEG |
| 100 ## - MAIN ENTRY--PERSONAL NAME | |
| Personal name | Kegley, Charles W. |
| 245 10 - TITLE STATEMENT | |
| Title | World politics : |
| Remainder of title | Trends and transformation / |
| Statement of responsibility, etc | Charles W. Kegley, Jr., Eugene R. Wittkopf. |
| 250 ## - EDITION STATEMENT | |
| Edition statement | 11th ed. |
| 260 ## - PUBLICATION, DISTRIBUTION, ETC. (IMPRINT) | |
| Place of publication, distribution, etc | Belmont, CA : |
| Name of publisher, distributor, etc | Thomson Wadsworth, |
| Date of publication, distribution, etc | c2007. |
| 300 ## - PHYSICAL DESCRIPTION | |
| Extent | xxix, Various p. ; |
| Other physical details | ill.col. map ; |
| Dimensions | 24 cm. |
| 504 ## - BIBLIOGRAPHY, ETC. NOTE | |
| Bibliography, etc | Includes bibliographical references and indexes. |
| 650 ## - SUBJECT ADDED ENTRY--TOPICAL TERM | |
| Topical term or geographic name as entry element | World politics |
| 650 ## - SUBJECT ADDED ENTRY--TOPICAL TERM | |
| Topical term or geographic name as entry element | International relations |
| 942 ## - ADDED ENTRY ELEMENTS (KOHA) | |
| Item type | NB - Book (Non borrowing) |
| Call number prefix | 327.1KEG |
| Source of classification or shelving scheme | Dewey Decimal Classification |
| Withdrawn status | Item status | Source of classification or shelving scheme | Damaged status | Not for loan | Vendor | Home library | Current library | Shelving location | Date acquired | Source of acquisition | Total Checkouts | Full call number | Barcode | Date last seen | Koha item type | Total Renewals | Date last borrowed | Cost, replacement price | Cost, normal purchase price | Serial Enumeration / chronology | Public note |
|---|---|---|---|---|---|---|---|---|---|---|---|---|---|---|---|---|---|---|---|---|---|
| Dewey Decimal Classification | unknown | Central Library | Central Library | First floor | 25/02/2007 | 327.1 KEG | 000001492 | 15/07/2025 | NB - Book (Non borrowing) | ||||||||||||
| Dewey Decimal Classification | unknown | Central Library | Central Library | First floor | 03/02/2009 | 2 | 327.1 KEG | 000001493 | 15/07/2025 | Book - Borrowing | 49 | 12/06/2021 | |||||||||
| Lost and Paid For | Dewey Decimal Classification | unknown | Central Library | Central Library | First floor | 03/02/2009 | 6 | 327.1 KEG | 000001494 | 14/09/2021 | Book - Borrowing | 4 | 25/10/2017 | 1675.00 | |||||||
| Dewey Decimal Classification | Alahram | Central Library | Central Library | First floor | 03/02/2009 | 5 | 327.1 KEG | 000014543 | 15/07/2025 | Book - Borrowing | 16 | 04/11/2020 | 334.00 | 6457 | International student edition |